Europäische Städte in den Top 200 Weltweit - Statistiken

Allgemein
  • Dieses Quiz wurde 15.784 mal gespielt
    2.838 seit der letzten Aktualisierung
  • Das Durchschnittsergebnis liegt bei 12 aus 17
Antwortstatistiken
Rang Bevölkerung Stadt % Korrekt
125 4.70 Mio. Berlin
99%
42 11.6 Mio. Paris
98%
28 15.4 Mio. London
96%
80 7.00 Mio. Madrid
95%
18 19.1 Mio. Moskau
94%
173 3.45 Mio. Rom
93%
119 4.95 Mio. Barcelona
88%
26 16.2 Mio. Istanbul
82%
162 3.58 Mio. Athen
75%
87 6.55 Mio. Mailand
72%
88 6.35 Mio. Sankt Petersburg
69%
169 3.48 Mio. Kiew
67%
88 6.35 Mio. Manchester / Liverpool
63%
139 4.08 Mio. Neapel
50%
137 4.10 Mio. Birmingham
43%
186 3.23 Mio. Frankfurt am Main
40%
168 3.50 Mio. Rotterdam / Den Haag
24%
Keine übereinstimmenden Quizze gefunden
Verteilung der Resultate
Anzahl Personen mit jedem Resultat
Perzentil nach korrekt beantworteten Fragen
Ihre Resultats-Entwicklung
Sie haben dieses Quiz seit der letzten Aktualisierung nicht gespielt